|
|
|
|
| LEADER |
00736cam a2200241 7i4500 |
| 001 |
0000037045 |
| 005 |
20230130090000.0 |
| 007 |
##ta |
| 008 |
221114t20082008 a # eng |
| 020 |
# |
# |
|a 9789812615459
|
| 040 |
# |
# |
|a MATR
|
| 090 |
0 |
# |
|a B 641.59595
|b NOR
|
| 100 |
0 |
# |
|a Norzailina Nordin
|e author
|
| 245 |
1 |
0 |
|a malay kuih
|c Norzailina Nordin.
|
| 264 |
# |
1 |
|a Singapore:
|b Marshall Cavendish Cuisine,
|c 2008.
|
| 300 |
# |
# |
|a 71 pages:
|b illustrations;
|c 17 cm.
|
| 336 |
# |
# |
|a text
|2 rdacontent
|
| 337 |
# |
# |
|a unmediated
|2 rdamedia
|
| 338 |
# |
# |
|a volume
|2 rdacarrier
|
| 490 |
0 |
# |
|a Mini cookbooks,
|x Malaysia
|
| 650 |
# |
0 |
|a Cookery, Malaysian
|
| 650 |
# |
0 |
|a Desserts --
|x Malaysia
|
| 999 |
|
|
|a 0000041736
|b Book
|c Book
|e Business Information Centre
|